Балканска елегия (Запис номер 80328)
[ съкратено ]
| 000 -Лидер | |
|---|---|
| Контролно поле с фиксирана дължина | 01010nam a2200301 c 4500 |
| 003 - Код на организацията, давaща контролен номер | |
| Контролно поле | BLK |
| 005 - Дата и час на последна редакция | |
| Контролно поле | 20231204165839.0 |
| 008 - Елементи от данни с фиксирана дължина | |
| fixed length control field | 180408b bul|||||r ||||||| ||bul|| |
| 010 ## - Наследен системен номер | |
| LC control number | KNG00084813000 |
| 020 ## - Международен стандартен номер на книга ISBN | |
| Международен стандартен номер на книга ISBN | 978-954-336-043-7 |
| -- | издат.: Стигмати |
| 040 ## - Източник на каталожния запис | |
| Идентификатор на билиотеката - собственик на записа | BLK |
| 041 ## - Код за език | |
| Код за езика на текст/звукозапис или на отделно заглавие | Български |
| Код за езика КДБФ | Български |
| 080 ## - УДК | |
| Текстов определител УДК | Българска литература |
| УДК код - определител по УДК | 821.163.2 |
| УДК определител | -054.7-94 |
| УДК - код + определител | 821.163.2-054.7-94 |
| 100 1# - Редна дума - Автор | |
| Автор | Троянов, Марин |
| Авторска отговорност | първи автор |
| R(LIN) | 299609 |
| 139 ## - Редно поле | |
| Редна дума | Троянов, Марин |
| Авторски знак | Тро - Т 86 |
| 245 10 - Сведения за заглавието | |
| Заглавие | Балканска елегия |
| Редно поле (дума) | Марин Троянов. |
| 257 ## - Страна на издаване | |
| Страна на създаване/издаване | България |
| 260 ## - Област на издателските данни | |
| -- | София |
| Име на издателя, разпространителя и проч. | Стигмати |
| Година на издаване | 2008 |
| Печатница | София : Артграф |
| 300 ## - Физическа характеристика | |
| Страници | 532 с. |
| Размери/Мащаб | 21 см |
| 380 ## - Жанр | |
| Жанр | Худож. лит. |
| 500 ## - Общи забележки | |
| Забележка | Офс. изд. |
| 852 ## - Местоположение | |
| Форматна сигнатура | Цб 234916 |
| 856 4# - Електронен адрес и достъп | |
| Електронен формат | pdf - файл |
| Път до файла /url/ | |
| 856 4# - Електронен адрес и достъп | |
| Електронен формат | pdf - файл |
| Път до файла /url/ | |
| 942 ## - АРТИКУЛИ | |
| Вид на библиотечния материал | Книги |
| Скрит в OPAC | Не |
| Koha issues (borrowed), all copies | 2 |
| 944 ## - СЪЗДАВАНЕ И РЕДАКЦИЯ на ЗАПИСА | |
| Създаване/Редакция | Създаване |
| Дата на регистрацията/редакция | 13.08.2008 |
| Служител, извършил регистрацията/редакцията | 30530 |
| Статус, дата на статуса | Минев Младен |
| 944 ## - СЪЗДАВАНЕ И РЕДАКЦИЯ на ЗАПИСА | |
| Създаване/Редакция | Редакция |
| Дата на регистрацията/редакция | 10.02.2018 |
| Служител, извършил регистрацията/редакцията | Виолета_Тройчева |
| 999 ## - СИСТЕМНИ КОНТРОЛНИ НОМЕРА | |
| Koha biblionumber | 80328 |
| Koha biblioitemnumber | 80328 |
| Код за отписване | Код за изгубен артикул | Код за повреда | Коз за рестрикции | Код за отдаване | Артикулен № | Име на библиотеката - собственик | Име на библиотеката, в която се намира в момента | Статус (Текущо местоположение) | Дата на вписване в системата | Местоположение - отдел | Цена в лева | Инвентарен номер | Систематично азбучна сигнатура | Баркод | Номер на екземпляра | Цена в евро | Служебна бележка | Служебен тип на артикула |
|---|---|---|---|---|---|---|---|---|---|---|---|---|---|---|---|---|---|---|
| Не е изгубен | Не е повреден | без рестрикции | заемане за дома | 130166 | Регионална библиотека "Любен Каравелов" Русе | Регионална библиотека "Любен Каравелов" Русе | Заемна - подръчен фонд | 2008-08-13 | Заемна - подръчен фонд | 12.00 | 120000727913 | П 886.7-9/Т 86 | 120000727913 | 1 | 6.14 | Дост: Pk Вид: Ф N: 6870 Дата: 01.08.2008 Дата инв: 12.02.2018 Бележки инв: П2018 | Книги | |
| Не е изгубен | Не е повреден | без рестрикции | ползва се в читалня | 130167 | Регионална библиотека "Любен Каравелов" Русе | Регионална библиотека "Любен Каравелов" Русе | Хранилище | 2008-08-20 | Хранилище | 12.00 | 120000728091 | Цб 234916 | 120000728091 | 2 | 6.14 | Дост: Dp Вид: Д N: 20 Дата: 18.04.2008 | Книги | |
| Не е изгубен | Не е повреден | без рестрикции | заемане за дома | 130168 | Регионална библиотека "Любен Каравелов" Русе | Регионална библиотека "Любен Каравелов" Русе | Заемна - подръчен фонд | 2008-09-05 | Заемна - подръчен фонд | 12.00 | 120000728772 | П 886.7-9/Т 86 | 120000728772 | 3 | 6.14 | Дост: Pk Вид: Ф N: 7475 Дата: 01.09.2008 Дата инв: 12.02.2018 Бележки инв: П2018 | Книги |